| 000 | 00594nam a22001577a 4500 | ||
|---|---|---|---|
| 008 | 170309b xxu||||| |||| 00| 0 eng d | ||
| 082 |
_22016 _aUT 0728 _bP77 |
||
| 100 |
_919311 _aPono, Joylen C. |
||
| 245 |
_aA Study on the Quality of Cooking Used Oil by the Street vendors in Digos City. _cJoylen C. pono, Jay-ar C. Vergara and Katherine G. Adanza. |
||
| 300 |
_a46 pages; _b28 cm. |
||
| 650 | 0 |
_919312 _aEducation _vBiolgical Science _xUndergraduate Thesis. |
|
| 700 |
_919313 _aPono, Joylen C. |
||
| 700 |
_919314 _aVergara, Jay-ar C. |
||
| 700 |
_919315 _aAdanza, Katherine G. |
||
| 942 |
_2ddc _cUT |
||
| 999 |
_c6398 _d6398 |
||